Sportarten mit "W" - Statistiken

Allgemein
  • Dieses Quiz wurde 82 mal gespielt
  • Das Durchschnittsergebnis liegt bei 4 aus 20
Antwortstatistiken
Art Sportart % Korrekt
Torspiel Wasserball
81%
Leichtathletik Weitsprung
59%
Natursport Wandern
55%
Brettsport & Wasser Wasserski
51%
Laufen Walking
45%
Brettsport & Natur Windsurfen
35%
Kampfsport Wrestling
33%
Brettsport & Wasser Wakeboarding
30%
Brettsport & Surfen Wellenreiten
22%
Kampfsport Wing Tsun
7%
Schlitten Wokfahren
7%
Akrobatik Wassergymnastik
6%
Pferde & Natur Westernreiten
6%
Pferdesport Wagenrennen
4%
Bootsport Wasserfahren
3%
Laufsport Waffenlauf
1%
Pferde & Natur Wanderreiten
1%
Kampfsport Wushu
1%
Wassersport Wasserrutschen
0%
Schießen Wurfscheibenschießen
0%
Keine übereinstimmenden Quizze gefunden
Verteilung der Resultate
Anzahl Personen mit jedem Resultat
Perzentil nach korrekt beantworteten Fragen
Ihre Resultats-Entwicklung
Sie haben dieses Quiz noch nicht gespielt